| 000 | 00464nam a2200157 a 4500 | ||
|---|---|---|---|
| 001 | 000032235 | ||
| 005 | 20200930063538.0 | ||
| 008 | 110713s1936 dr 000 | spa d | ||
| 040 |
_aDO-SdBNP _bspa _cBNPHU |
||
| 082 |
_axxxx _bM839e |
||
| 100 | 1 |
_aMorel, Emilio A. _930470 |
|
| 245 | 1 | 0 |
_aEn voz alta : _bdiscursos / _cEmilio A. Morel. |
| 260 |
_aCiudad Trujillo, República Dominicana : _bTipografía Cambier, _c1936. |
||
| 300 |
_a55 p. ; _c20 cm. |
||
| 049 | _aBNPD | ||
| 999 |
_c31726 _d31726 |
||